Notes of a naturalist in South America
Guardat en:
| Autor principal: | |
|---|---|
| Format: | Llibre |
| Idioma: | anglès |
| Publicat: |
Londres
Kegan Paul, Trench & Co
1887
|
| Edició: | 1a. ed |
| Matèries: | |
| Etiquetes: |
Afegir etiqueta
Sense etiquetes, Sigues el primer a etiquetar aquest registre!
|
MARC
| LEADER | 00000nam a2200000 a 4500 | ||
|---|---|---|---|
| 001 | UCJ3622 | ||
| 003 | CL-VaPUC | ||
| 008 | 070124e18870000UK |||||||||||||||||eng|d | ||
| 082 | 0 | 4 | |a 910.4 |b BAL |2 21 |
| 100 | 0 | |a Ball, John |e author |9 505659 | |
| 245 | 1 | 0 | |a Notes of a naturalist in South America |
| 250 | |a 1a. ed | ||
| 300 | |a 413 p | ||
| 942 | |c BK | ||
| 945 | |d 20070124 00:00:00 |a rinostro | ||
| 260 | |a Londres |b Kegan Paul, Trench & Co |c 1887 | ||
| 500 | |a Mapa de Sudamérica | ||
| 600 | 0 | |a Lynch, Patricio, |d 1824-1886 |9 437748 | |
| 600 | 0 | |a Vicuña Mackenna, Benjamín, |d 1831-1886 |x Político e historiador |z Chile |9 374 | |
| 600 | 0 | 7 | |a PHILIPPI, RODULFO AMANDO |2 CL-VaPUC |9 505016 |
| 650 | 0 | |a Viajes |9 257115 | |
| 650 | 0 | |a Clima |9 265281 | |
| 650 | 7 | |a FLORA |2 CL-VaPUC |9 264745 | |
| 650 | 7 | |a FAUNA |2 CL-VaPUC |9 349523 | |
| 650 | 0 | |a Comercio |9 255341 | |
| 650 | 0 | |a Ciudades |9 265474 | |
| 650 | 0 | |a Inmigración |9 268290 | |
| 650 | 7 | |a PUNA |2 CL-VaPUC |9 505660 | |
| 650 | 0 | |a Guerra del Pacífico |9 314886 | |
| 650 | 0 | |a Ferrocarriles |9 260933 | |
| 650 | 7 | |a PATAGONIA |2 CL-VaPUC |9 505661 | |
| 650 | 0 | |a Fueguinos |9 417010 | |
| 650 | 0 | |a Vida social |9 337244 | |
| 650 | 0 | |a Cultura |9 269059 | |
| 651 | 0 | |a Argentina |9 254888 | |
| 651 | 7 | |a CHILE |2 CL-VaPUC |9 505662 | |
| 651 | 0 | |a Uruguay |9 255194 | |
| 651 | 0 | |a Perú |9 256567 | |
| 651 | 0 | |a Ecuador |9 258378 | |
| 651 | 7 | |a PANAMA |2 CL-VaPUC |9 257728 | |
| 651 | 0 | |a Brasil |9 267393 | |
| 651 | 0 | |a Valparaíso, Chile |9 261144 | |
| 583 | |a last modification |c 20070124 00:00:00 |k Rodrigo Vera | ||
| 999 | |c 319744 |d 319742 | ||
| 952 | |0 0 |1 0 |4 0 |6 910_400000000000000_BAL_1887 |7 0 |8 X |9 398113 |a FDOBUD |b FDOBUD |d 2019-11-22 |i 1006282 |o 910.4 BAL 1887 |p 1006282 |r 2019-11-22 |w 2019-11-22 |y BK_X |k BUD | ||
| 952 | |0 0 |1 0 |4 0 |6 910_400000000000000_BAL_1887 |7 0 |8 X |9 398114 |a FDOBUD |b FDOBUD |d 2019-11-22 |i 1006576 |o 910.4 BAL 1887 |p 1006576 |r 2019-11-22 |w 2019-11-22 |y BK_X |k BUD | ||